01557nam a2200289 a 450000100100000000500170001000800410002702000150006804000250008308200170010810000510012524501040017625000120028026000510029230000210034350000550036450000730041960000600049270000620055204900090061495201300062395201300075395201310088395201210101495201150113599900170125000001502720260521073716.0100129s2000 dr 001 0 spa d a9993400483 aDO-SdBNPbspacBNPHU a923.7bL389E1 aLautaro de Hostos, Boyoánd1885- 196093400710aEugenio María de Hostos :bintimo /cBoyoán Lautaro de Hostos ; prólogo Mu-Kien Adriana Sang. a2a. ed. aSanto Domingo :bLa Trinitaria,c2000.fBúho a156 p. ;c22 cm. aIncluye datos biográficos del autor en la solapa aIncluye referencias bibliográficas y notas al pie de las páginas14aHOSTOS, EUGENIO MARÍA,d1839-1903xANÉCDOTAS9340081 aSang, Mu-Kien A. d1955-q(Mu-Kien Adriana)epról.9331 aBNPD 001052708DSaGRbGRcCTd2010-01-29iLF1l0o923.7 L389Ep15027-30r2020-06-25te. 3w2020-06-25yLFDSZPréstamo interno 001052708DSaGRbGRcCTd2010-01-29iLF1l0o923.7 L389Ep15027-40r2020-06-25te. 5w2020-06-25yLFDSZPréstamo interno 001052708DSaGRbGRcCTd2010-01-29iLF1l0o923.7 L389Ep15027-50r2020-06-25te . 4w2020-06-25yLFDSZPréstamo interno 0010718PDaPDbPDcCTd2010-01-29iLF1l0o923.7 L389Ep15027-10r2020-06-25te. 2w2020-06-25yLFPDZNo se presta 0010718PDaPDbPDcCTd2010-01-29iLF1l0o923.7 L389Ep15027-20r2020-06-25w2020-06-25yLFPDZNo se presta c14600d14600